无人区占比最高的5国 - Statistics

General Stats
  • This quiz has been taken 114 times
  • The average score is 3 of 5
Answer Stats
人口/万人 无人区占国土面积/% 国家 % Correct
?,??? 91% 加拿大
86%
?,??? 90% 澳大利亚
71%
??? 90% 利比亚
43%
??,??? 88% 埃及
40%
?? 94% 冰岛
37%
No matching quizzes found
Score Distribution
Percent of People with Each Score
Percentile by Number Answered
Your Score History
You have not taken this quiz